书目信息 |
| 题名: |
隧道工程测量
|
|
| 作者: | 张项铎 , 张正禄 编著 | |
| 分册: | ||
| 出版信息: | 北京 测绘出版社 1998.09 |
|
| 页数: | 262页 | |
| 开本: | 32开 | |
| 丛书名: | ||
| 单 册: | ||
| 中图分类: | U452.1 | |
| 科图分类: | ||
| 主题词: | 隧道工程 | |
| 电子资源: | ||
| ISBN: | 7-5030-0910-1 | |
| 000 | 00601nam0 2200205 45 | |
| 001 | 0105081457 | |
| 005 | 20010508142341.1 | |
| 010 | @a7-5030-0910-1@d18.80元 | |
| 100 | @a20010508d1998 km y0chiy0120 ea | |
| 101 | 0 | @achi |
| 105 | @a z 000yy | |
| 200 | 1 | @a隧道工程测量@ASui Dao Gong Cheng Ce Liang@f张项铎,张正禄编著@FZhang Xiang Duo,Zhang Zheng Lu Bian Zhu |
| 210 | @a北京@c测绘出版社@d1998.09 | |
| 215 | @a262页@d32开 | |
| 606 | 0 | @a隧道工程 |
| 690 | @aU452.1@v3 | |
| 701 | 0 | @a张项铎@4编著 |
| 701 | 0 | @a张正禄@4编著 |
| 801 | @aCN@bPftUser@c20010508 | |
| 905 | @b341536-555@dU452.1@eZH204@f20 | |
| 隧道工程测量/张项铎,张正禄编著.-北京:测绘出版社,1998.09 |
| 262页;32开 |
| ISBN 7-5030-0910-1:18.80元 |
| ● |
| 相关链接 |
|
|
|
正题名:隧道工程测量
索取号:U452.1/ZH204
 
预约/预借
| 序号 | 登录号 | 条形码 | 馆藏地/架位号 | 状态 | 备注 |
| 1 | 341536 | 203415367 | 自科库501/501自科库 55排5列5层/ [索取号:U452.1/ZH204] | 在馆 | |
| 2 | 341537 | 203415376 | 自科二线504/504自科库 41排6列5层/ [索取号:U452.1/ZH204] | 在馆 | |
| 3 | 341538 | 203415385 | 自科二线504/504自科库 41排6列5层/ [索取号:U452.1/ZH204] | 在馆 | |
| 4 | 341539 | 203415394 | 土木与交通工程学院资料室/土木与交通学院资料室 1排1列1层/ [索取号:U452.1/ZH204] | 在馆 | |
| 5 | 341540 | 203415401 | 自科二线504/504自科库 41排6列5层/ [索取号:U452.1/ZH204] | 在馆 | |
| 6 | 341541 | 203415410 | 土木与交通工程学院资料室/201建筑库 81排2列5层/ [索取号:U452.1/ZH204] | 在馆 | |
| 7 | 341542 | 203415429 | 土木与交通工程学院资料室/土木与交通学院资料室 1排1列1层/ [索取号:U452.1/ZH204] | 在馆 | |
| 8 | 341543 | 203415438 | 自科库501/501自科库 55排5列5层/ [索取号:U452.1/ZH204] | 在馆 | |
| 9 | 341544 | 203415447 | 土木与交通工程学院资料室/土木与交通学院资料室 1排1列1层/ [索取号:U452.1/ZH204] | 在馆 | |
| 10 | 341545 | 203415456 | 自科二线504/504自科库 41排6列5层/ [索取号:U452.1/ZH204] | 在馆 | |
| 11 | 341546 | 203415465 | 自科库501/501自科库 55排5列5层/ [索取号:U452.1/ZH204] | 在馆 | |
| 12 | 341547 | 203415474 | 土木与交通工程学院资料室/土木与交通学院资料室 1排1列1层/ [索取号:U452.1/ZH204] | 在馆 | |
| 13 | 341548 | 203415483 | 土木与交通工程学院资料室/201建筑库 81排2列5层/ [索取号:U452.1/ZH204] | 在馆 | |
| 14 | 341549 | 203415492 | 自科二线504/504自科库 41排6列5层/ [索取号:U452.1/ZH204] | 在馆 | |
| 15 | 341550 | 203415508 | 自科二线504/504自科库 41排6列5层/ [索取号:U452.1/ZH204] | 在馆 | |
| 16 | 341551 | 203415517 | 自科库501/501自科库 55排5列5层/ [索取号:U452.1/ZH204] | 在馆 | |
| 17 | 341552 | 203415526 | 土木与交通工程学院资料室/土木与交通学院资料室 1排1列1层/ [索取号:U452.1/ZH204] | 在馆 | |
| 18 | 341553 | 203415535 | 自科二线504/504自科库 41排6列5层/ [索取号:U452.1/ZH204] | 在馆 | |
| 19 | 341554 | 203415544 | 土木与交通工程学院资料室/土木与交通学院资料室 1排1列1层/ [索取号:U452.1/ZH204] | 在馆 | |
| 20 | 341555 | 203415553 | 土木与交通工程学院资料室/土木与交通学院资料室 1排1列1层/ [索取号:U452.1/ZH204] | 在馆 |